| 000 | 00976nam a2200265Ia 4500 | ||
|---|---|---|---|
| 003 | OSt | ||
| 005 | 20221005111927.0 | ||
| 006 | a|||||r|||| 00| 0 | ||
| 007 | ta | ||
| 008 | 221004b |||||||| |||| 00| 0 san d | ||
| 020 |
_a9789386554444 (hbk) _cINR 995.00 |
||
| 024 | _a65995 | ||
| 037 |
_b301, 29/01/2020, Eastern Book Linkers _cTextual |
||
| 040 |
_aCRL _cCRL _bsan |
||
| 041 |
_2san _asan |
||
| 082 | _aP15:3, Q8 | ||
| 100 | _aपाण्डेय, द्रोणाचार्य, ले. | ||
| 245 | 0 | _aअनुवाद चन्द्रिका | |
| 246 | _aAnuvād chandrikā | ||
| 260 |
_aवाराणसी _bचौखम्बा सुरभारती प्रकाशन भारत _c2018 |
||
| 300 |
_a413पृ0 _ccm. |
||
| 650 | _aभाषा | ||
| 942 |
_hP15:3, Q8 _cTEXL _2cc |
||
| 999 |
_c1023326 _d1023326 |
||